| 000 | 00553nam a2200181 i 4500 | ||
|---|---|---|---|
| 001 | 60177 | ||
| 003 | ES-MaACL | ||
| 005 | 20230906164154.0 | ||
| 007 | t| | ||
| 008 | 031103s1970 sp ||||1| spa d | ||
| 245 | 0 | 0 |
_aErotikon _b: selección de relatos galantes y amorosos / _cilustraciones de Cobos ; [selección, Jacinto León]. |
| 250 | _a[1ª ed. íntegra]. | ||
| 260 |
_aBarcelona : _bEdiciones 29, _c[1970] |
||
| 300 |
_a2 v. ; _c21 cm. |
||
| 700 | 1 |
_aCobos. _939359 |
|
| 700 | 1 |
_aLeón, Jacinto. _971575 |
|
| 852 |
_aES-MaACL _jP-1835 _bR.76162 |
||
| 999 |
_c60177 _d60177 |
||